00830nam a2200241 a 450000100060000000300080000600500170001400800410003102000350007203500190010704000320012604100080015808200250016610000190019124500360021026001510024630000350039749000370043250400530046965000100052265000150053283000410054768991BD-RjUL20211209081834.0820603s1982 ny a b 001 0 eng  a0444421076 :cfl 100.00 (est.) a(BD-RjUL)69202 aDLCcDLCdDLCdBD-RjULbeng aeng00223a662.62bGAC 19821 aGavalas, G. R.10aCoal pyrolysis /cG.R. Gavalas. aAmsterdam ;aNew York :bElsevier Scientific Pub. Co. :aNew York, N.Y. :bDistributors for the U.S. and Canada, Elsevier Science Pub. Co.,c1982. aviii, 168 p. :bill. ;c25 cm.1 aCoal science and technology ;v4 aIncludes bibliographical references and indexes. 0aCoal. 0aPyrolysis. 0aCoal science and technology ;vv. 4.